[Event "Puhajarve rap op 13th"]
[Site "Puhajarve"]
[Date "2012.11.23"]
[Round "5"]
[White "Leito, Priit"]
[Black "Miezis, Normunds"]
[Result "0-1"]
[WhiteElo "2333"]
[BlackElo "2595"]
[PlyCount "88"]
[EventDate "2012.11.23"]
[EventType "tourn (rapid)"]
[EventRounds "31"]
[EventCountry "EST"]
[SourceTitle "CBM 151 Extra"]
[Source "ChessBase"]
[SourceDate "2012.12.18"]
[SourceVersion "1"]
[SourceVersionDate "2012.12.18"]
[SourceQuality "1"]

1. e4 c5 2. Nf3 e6 3. d4 cxd4 4. Nxd4 a6 5. Bd3 Nc6 6. Nb3 Nf6 7. 0-0 d5 8. exd5 exd5 9. Bf4 Be7 10. h3 0-0 11. N1d2 Nb4 12. Nf3 Nxd3 13. Qxd3 Bd7 14. Nfd4 Re8 15. c3 Bf8 16. Rfe1 Re4 17. Bg3 Qe8 18. f3 Rxe1+ 19. Rxe1 Qc8 20. Bh4 Nh5 21. Qd2 Bd6 22. Ne2 Qc4 23. Nbd4 g6 24. b3 Qc7 25. g4 Nf4 26. Nxf4 Bxf4 27. Qd3 Bd6 28. Bf6 Rc8 29. Nc2 Bc6 30. Bd4 Bf8 31. Ne3 Qg3+ 32. Ng2 Qxh3 33. Kf2 Bb5 34. Qe3 h5 35. Qe5 hxg4 36. fxg4 Re8 37. Qf6 Rxe1 38. Nxe1 Qf1+ 39. Kg3 Qxe1+ 40. Kg2 Qd2+ 41. Kg3 Qh6 42. g5 Qh5 43. Qd8 Qe2 44. Bc5 Qe8 0-1

[Event "Puhajarve rap op 11th"]
[Site "Harjumaa"]
[Date "2010.11.28"]
[Round "28"]
[White "Kortschnoj, Viktor Lvovich"]
[Black "Leito, Priit"]
[Result "1-0"]
[WhiteElo "2548"]
[BlackElo "2333"]
[PlyCount "29"]
[EventDate "2010.11.26"]
[EventType "tourn (rapid)"]
[EventRounds "31"]
[EventCountry "EST"]
[SourceTitle "CBM 139 Extra"]
[Source "ChessBase"]
[SourceDate "2011.01.05"]
[SourceVersion "1"]
[SourceVersionDate "2011.01.05"]
[SourceQuality "1"]

1. Nf3 c5 2. c4 e6 3. e4 d5 4. exd5 exd5 5. cxd5 Qxd5 6. Nc3 Qe6+ 7. Be2 Nf6 8. d4 cxd4 9. Nxd4 Qe5 10. 0-0 Be7 11. Bb5+ Bd7 12. Re1 Qc5 13. Nb3 Qb6 14. Be3 Qc7 15. Bc5 1-0

[Event "Puhajarve rap op 11th"]
[Site "Harjumaa"]
[Date "2010.11.28"]
[Round "29"]
[White "Leito, Priit"]
[Black "Sepp, Olav"]
[Result "0-1"]
[WhiteElo "2333"]
[BlackElo "2490"]
[PlyCount "74"]
[EventDate "2010.11.26"]
[EventType "tourn (rapid)"]
[EventRounds "31"]
[EventCountry "EST"]
[SourceTitle "CBM 139 Extra"]
[Source "ChessBase"]
[SourceDate "2011.01.05"]
[SourceVersion "1"]
[SourceVersionDate "2011.01.05"]
[SourceQuality "1"]

1. e4 e5 2. Nf3 Nc6 3. Bb5 Nf6 4. Qe2 Bc5 5. c3 0-0 6. 0-0 Re8 7. d3 h6 8. Be3 Bf8 9. Nbd2 a6 10. Ba4 b5 11. Bb3 d5 12. exd5 Nxd5 13. Rfd1 Bg4 14. h3 Bh5 15. g4 Bg6 16. Bxd5 Qxd5 17. Nf1 Rad8 18. Ne1 Nd4 19. cxd4 exd4 20. Qd2 dxe3 21. Nxe3 Qd4 22. Qc3 Qf4 23. N3g2 Qe5 24. d4 Qd6 25. Nc2 Be4 26. Nce3 c6 27. Nh4 Qf6 28. Nhf5 g6 29. Ng3 Bf3 30. Rd2 Bd6 31. Nef1 Bd5 32. Rdd1 Re7 33. Re1 Rde8 34. Rxe7 Rxe7 35. Re1 Rxe1 36. Qxe1 Qxd4 37. b3 Kg7 0-1

[Event "WMSG Rapid Team 1st"]
[Site "Beijing"]
[Date "2008.10.16"]
[Round "8"]
[White "Dietmayer Kraeutler, Marco"]
[Black "Leito, Priit"]
[Result "0-1"]
[WhiteElo "2302"]
[BlackElo "2336"]
[PlyCount "92"]
[EventDate "2008.10.14"]
[EventType "team (rapid)"]
[EventRounds "9"]
[EventCountry "CHN"]
[SourceTitle "CBM 126 Extra"]
[Source "ChessBase"]
[SourceDate "2008.11.05"]
[SourceVersion "1"]
[SourceVersionDate "2008.11.05"]
[SourceQuality "1"]

1. d4 d5 2. c4 e6 3. Nc3 c5 4. cxd5 exd5 5. Nf3 Nc6 6. Bf4 Nf6 7. e3 a6 8. Be2 c4 9. Ne5 Bb4 10. 0-0 0-0 11. Bg5 Bxc3 12. bxc3 h6 13. Bxf6 Qxf6 14. f4 Qd6 15. e4 b5 16. a4 Rb8 17. Rb1 dxe4 18. axb5 axb5 19. Nxc6 Qxc6 20. f5 Qd5 21. f6 g6 22. Rb4 Bd7 23. Qd2 Qg5 24. Qf4 Qxf4 25. Rxf4 Rfe8 26. Bg4 Bxg4 27. Rxg4 e3 28. Kf1 Ra8 29. Rb2 Ra3 30. Rc2 Re6 31. Rf4 g5 32. Rf5 Rb3 33. Ke2 Kh7 34. Re5 Kg6 35. Rxe6 fxe6 36. Kxe3 Kxf6 37. Ke4 Rb1 38. Rf2+ Ke7 39. g3 Rc1 40. Rf3 Re1+ 41. Re3 Rxe3+ 42. Kxe3 Kd6 43. Ke4 g4 44. Kf4 Kd5 45. Kxg4 b4 46. cxb4 c3 0-1

[Event "WMSG Rapid Team 1st"]
[Site "Beijing"]
[Date "2008.10.15"]
[Round "5"]
[White "Leito, Priit"]
[Black "Garma, Chito"]
[Result "1/2-1/2"]
[WhiteElo "2336"]
[BlackElo "2347"]
[PlyCount "108"]
[EventDate "2008.10.14"]
[EventType "team (rapid)"]
[EventRounds "9"]
[EventCountry "CHN"]
[SourceTitle "CBM 126 Extra"]
[Source "ChessBase"]
[SourceDate "2008.11.05"]
[SourceVersion "1"]
[SourceVersionDate "2008.11.05"]
[SourceQuality "1"]

1. e4 e6 2. d4 d5 3. e5 c5 4. c3 Nc6 5. Nf3 Qb6 6. a3 Nh6 7. b4 cxd4 8. cxd4 Nf5 9. Bb2 Be7 10. Be2 0-0 11. 0-0 f6 12. Qd2 fxe5 13. dxe5 Bd7 14. Nc3 Ncd4 15. Nxd4 Qxd4 16. Qxd4 Nxd4 17. Bd3 Nc6 18. Ne2 g5 19. Rac1 Rac8 20. Rc2 a5 21. b5 Na7 22. a4 Rxc2 23. Bxc2 Bb4 24. Bd3 Bc5 25. Bc1 g4 26. Nf4 Bd4 27. Re1 Nc8 28. g3 Nb6 29. Be2 Bxe5 30. Bxg4 Bxf4 31. Bxf4 Nxa4 32. Bxe6+ Bxe6 33. Rxe6 Nc3 34. Be5 Nxb5 35. Rb6 Na3 36. Rxb7 Re8 37. f4 Nc4 38. Bf6 Re6 39. Bd4 Re4 40. Bf6 a4 41. Rg7+ Kf8 42. Rxh7 a3 43. Rd7 a2 44. Rxd5 Kf7 45. Bc3 Re3 46. Bh8 Re8 47. Bc3 Re3 48. Rd7+ Ke6 49. Ra7 Rxc3 50. Rxa2 Kf5 51. Kg2 Ne3+ 52. Kf2 Ng4+ 53. Kg2 Ne3+ 54. Kf2 Ng4+ 1/2-1/2

[Event "WMSG Rapid Team 1st"]
[Site "Beijing"]
[Date "2008.10.15"]
[Round "3"]
[White "Leito, Priit"]
[Black "Lyell, Mark"]
[Result "1-0"]
[WhiteElo "2336"]
[BlackElo "2248"]
[PlyCount "51"]
[EventDate "2008.10.14"]
[EventType "team (rapid)"]
[EventRounds "9"]
[EventCountry "CHN"]
[SourceTitle "CBM 126 Extra"]
[Source "ChessBase"]
[SourceDate "2008.11.05"]
[SourceVersion "1"]
[SourceVersionDate "2008.11.05"]
[SourceQuality "1"]

1. c4 e5 2. Nc3 Nc6 3. g3 f5 4. Bg2 Nf6 5. e3 d5 6. cxd5 Nb4 7. d3 Nbxd5 8. Nxd5 Nxd5 9. Nf3 Bd6 10. 0-0 0-0 11. e4 Nf6 12. exf5 Bxf5 13. d4 e4 14. Qb3+ Kh8 15. Ne5 Qe8 16. Qxb7 Qh5 17. Qb3 Bh3 18. Qd1 Ng4 19. Bxh3 Qxh3 20. Qxg4 Qxg4 21. Nxg4 c5 22. dxc5 Bxc5 23. Be3 Be7 24. Rac1 Rf5 25. Rc4 h5 26. Rxe4 1-0

[Event "WMSG Blitz Team 1st"]
[Site "Beijing"]
[Date "2008.10.13"]
[Round "9"]
[White "Leito, Priit"]
[Black "Chua, Zheng Yuan Terry"]
[Result "1-0"]
[WhiteElo "2336"]
[BlackElo "2139"]
[PlyCount "22"]
[EventDate "2008.10.13"]
[EventType "tourn (blitz)"]
[EventRounds "11"]
[EventCountry "CHN"]
[SourceTitle "CBM 126 Extra"]
[Source "ChessBase"]
[SourceDate "2008.11.05"]
[SourceVersion "1"]
[SourceVersionDate "2008.11.05"]
[SourceQuality "1"]

1. e4 c5 2. Nf3 d6 3. d4 cxd4 4. Nxd4 Nf6 5. Nc3 a6 6. Rg1 Nc6 7. g4 Nxd4 8. Qxd4 Bxg4 9. Rxg4 Nxg4 10. Qxd6 exd6 11. Bb5+ axb5 1-0

[Event "WMSG Blitz Team 1st"]
[Site "Beijing"]
[Date "2008.10.13"]
[Round "7"]
[White "Leito, Priit"]
[Black "Feldman, Vladimir"]
[Result "1-0"]
[WhiteElo "2336"]
[BlackElo "2298"]
[PlyCount "93"]
[EventDate "2008.10.13"]
[EventType "tourn (blitz)"]
[EventRounds "11"]
[EventCountry "CHN"]
[SourceTitle "CBM 126 Extra"]
[Source "ChessBase"]
[SourceDate "2008.11.05"]
[SourceVersion "1"]
[SourceVersionDate "2008.11.05"]
[SourceQuality "1"]

1. e4 c5 2. Nf3 d6 3. d4 cxd4 4. Nxd4 Nf6 5. Nc3 a6 6. Rg1 e5 7. Nb3 Be6 8. g4 Be7 9. g5 Nfd7 10. Be3 b5 11. Qd2 Nb6 12. Nd5 Nxd5 13. exd5 Bf5 14. Bd3 e4 15. Be2 0-0 16. 0-0-0 Bd7 17. h4 a5 18. Nd4 b4 19. h5 f5 20. gxf6 Bxf6 21. Bg4 Kh8 22. Bxd7 Qxd7 23. Ne6 Rf7 24. Bd4 Na6 25. Bxf6 gxf6 26. Qd4 Nc5 27. Nxc5 dxc5 28. Qxc5 Rc8 29. Qd4 Qc7 30. Rd2 Qf4 31. d6 Rd7 32. Kb1 Rf8 33. Rgd1 Qg5 34. Qd5 Qf4 35. Qc6 Rfd8 36. Rd5 Qf3 37. Qc5 Qf4 38. Qd4 Kg7 39. b3 Kf7 40. Qc4 Qf3 41. R5d4+ Kf8 42. Rg1 Rg7 43. Rxg7 Kxg7 44. Qc7+ Kh6 45. Qxd8 Qc3 46. Qxf6+ Kxh5 47. Qe6 1-0

[Event "WMSG Blitz Team 1st"]
[Site "Beijing"]
[Date "2008.10.13"]
[Round "11"]
[White "Leito, Priit"]
[Black "Gopal, Geetha Narayanan"]
[Result "1-0"]
[WhiteElo "2336"]
[BlackElo "2548"]
[PlyCount "35"]
[EventDate "2008.10.13"]
[EventType "tourn (blitz)"]
[EventRounds "11"]
[EventCountry "CHN"]
[SourceTitle "CBM 126 Extra"]
[Source "ChessBase"]
[SourceDate "2008.11.05"]
[SourceVersion "1"]
[SourceVersionDate "2008.11.05"]
[SourceQuality "1"]

1. e4 c5 2. Nf3 d6 3. d4 cxd4 4. Nxd4 Nf6 5. Nc3 a6 6. Rg1 e5 7. Nb3 Be6 8. g4 d5 9. g5 dxe4 10. Qxd8+ Kxd8 11. Bg2 Nfd7 12. Bxe4 Kc7 13. Be3 h6 14. h4 hxg5 15. hxg5 f5 16. gxf6 Nxf6 17. Bf3 Nd5 18. Rd1 1-0

[Event "EST-FIN m"]
[Site "Tallinn"]
[Date "2008.01.13"]
[Round "1"]
[White "Ristoja, Jan"]
[Black "Leito, Priit"]
[Result "1/2-1/2"]
[WhiteElo "2292"]
[BlackElo "2356"]
[PlyCount "38"]
[EventDate "2008.01.13"]
[EventType "team"]
[EventRounds "1"]
[EventCountry "EST"]
[SourceTitle "CBM 122 Extra"]
[Source "ChessBase"]
[SourceDate "2008.03.04"]
[SourceVersion "1"]
[SourceVersionDate "2008.03.04"]
[SourceQuality "1"]

1. c4 e5 2. Nc3 Nf6 3. g3 c6 4. Bg2 d5 5. d3 dxc4 6. dxc4 Qxd1+ 7. Nxd1 Bb4+ 8. Bd2 Bxd2+ 9. Kxd2 Be6 10. Ne3 Nbd7 11. f3 a5 12. Nh3 Nc5 13. b3 Ke7 14. Nf2 Rhd8+ 15. Kc3 b5 16. Rhd1 b4+ 17. Kb2 a4 18. Rxd8 Rxd8 19. Rd1 Rxd1 1/2-1/2

[Event "EST-chT 20th"]
[Site "Tallinn "]
[Date "2005.03.21"]
[Round "7"]
[White "Leito, Priit"]
[Black "Kanep, Meelis"]
[Result "1/2-1/2"]
[WhiteElo "2350"]
[BlackElo "2474"]
[PlyCount "20"]
[EventDate "2005.03.17"]
[EventType "team-tourn"]
[EventRounds "7"]
[EventCountry "EST"]
[SourceTitle "EXT 2016"]
[Source "ChessBase"]
[SourceDate "2015.10.08"]
[SourceVersion "1"]
[SourceVersionDate "2015.10.08"]
[SourceQuality "1"]

1. e4 c5 2. Nf3 d6 3. d4 cxd4 4. Nxd4 Nf6 5. Nc3 e6 6. Bc4 Be7 7. Bb3 0-0 8. Be3 Na6 9. f4 Nc5 10. Qf3 e5 1/2-1/2